000 00573nam a22002057a 4500
003 OSt
005 20140310182007.0
008 130729t xxu||||| |||| 00| 0 eng d
020 _a0679854371
050 _aPZ 7
_b.W9746Gi 1996
082 _aKF
_bW97g 1996
100 _aWyeth, Sharon Dennis
_95649
245 _aGinger Brown :
_btoo many houses /
_cSharon Dennis Wyeth.
260 _aNew York :
_bRandom House,
_c1966.
300 _a69 p. ;
_bill. ;
_c20 cm.
650 _aFiction
_9746
700 _aWyeth, Sharon Dennis
_95650
942 _2lcc
_cBK-KF
_kKF
999 _c8076
_d8076